Faktorová analýza a její zobecnění

Uložené v:
Podrobná bibliografia
Hlavný autor: Blahuš, Petr
Médium: Kniha
Jazyk:Czech
Vydavateľské údaje: Praha Státní nakladatelství technické literatury 1985
Edícia:Matematický seminář SNTL
Tagy: Pridať tag
Žiadne tagy, Buďte prvý, kto otaguje tento záznam!

MARC

LEADER 00000nam a2200000 4500
001 c105406
005 20250929135340.9
041 0 |a cze 
044 |a CZ 
245 1 0 |a Faktorová analýza a její zobecnění  |c Petr Blahuš 
264 1 |a Praha  |b Státní nakladatelství technické literatury  |c 1985 
300 |a 354 s. 
490 1 |a Matematický seminář SNTL 
830 0 |a Matematický seminář SNTL 
100 1 |a Blahuš, Petr